| 000 | 01263cam a2200373 a 4500 | ||
|---|---|---|---|
| 003 | OSt | ||
| 005 | 20140310184510.0 | ||
| 008 | 970220s1997 nyua j 000 1 eng | ||
| 010 | _a 97006847 | ||
| 020 | _a0590706489 | ||
| 040 |
_aDLC _cDLC _dDLC |
||
| 042 | _alcac | ||
| 050 | 0 | 0 |
_aPZ 7 _b.M63915Ri 1998 |
| 100 | 1 |
_aMiller, William, _d1959- _929160 |
|
| 245 | 1 | 0 |
_aRichard Wright and the library card / _cWilliam Miller ; illustrated by Gregory Christie. |
| 250 | _a1st ed. | ||
| 260 |
_aNew York : _bLee & Low Books, _c1998. |
||
| 300 |
_bcol. ill. ; _c26 cm. |
||
| 521 | _aG5 | ||
| 526 | _c700 | ||
| 600 | 1 | 0 |
_aWright, Richard, _d1908-1960 _vJuvenile fiction. _929161 |
| 600 | 1 | 1 |
_aWright, Richard, _d1908-1960 _vFiction. _929162 |
| 650 | 0 |
_aAfrican Americans _vJuvenile fiction. _929163 |
|
| 650 | 1 |
_aAfrican Americans _vFiction. _929164 |
|
| 650 | 1 |
_aBooks and reading _vFiction. _929165 |
|
| 650 | 1 |
_aLibraries _vFiction. _929166 |
|
| 700 | 1 |
_aChristie, R. Gregory, _d1971- _eill. _929167 |
|
| 906 |
_a7 _bcbc _corignew _d1 _eocip _f19 _gy-gencatlg |
||
| 942 |
_2lcc _cBK-SCHOLAS |
||
| 999 |
_c34891 _d34891 |
||